| 000 | 006810000a22001810004500 | ||
|---|---|---|---|
| 003 | MACL | ||
| 005 | 20160607131615.0 | ||
| 008 | 160607b xxu||||| |||| 00| 0 eng d | ||
| 040 |
_aMACL _cMACL |
||
| 041 | _aHindi | ||
| 082 | _a920 CHA | ||
| 100 |
_aचौहान, लालबहादुर सिंह _961371 |
||
| 245 |
_aमहामानव राष्ट्रपिता महात्मा गांधी _cलालबहादुर सिंह चौहान |
||
| 260 |
_bआत्माराम एण्ड संस _c2000 _aनई दिल्ली |
||
| 350 | _a300 | ||
| 650 |
_aBiography _962623 |
||
| 942 |
_cHIN _k920/CHA _2ddc |
||
| 999 |
_c12251 _d12251 |
||